|
|
|
|
| LEADER |
01181cam a2200325 a 4500 |
| 001 |
27588 |
| 003 |
BD-DhAAL |
| 005 |
20130926113538.0 |
| 008 |
130926s2009 enka b 001 0 eng |
| 010 |
|
|
|a 2009029661
|
| 020 |
|
|
|a 9780199281671 (hardback)
|
| 020 |
|
|
|a 019928167X (hardback)
|
| 020 |
|
|
|a 9780199595679
|
| 040 |
|
|
|a DLC
|c DLC
|d BWKUK
|d BWK
|d BWX
|d DLC
|d BD-DhAAL
|
| 050 |
0 |
0 |
|a H97
|b .H33 2009
|
| 050 |
|
4 |
|a JC330
|
| 082 |
0 |
0 |
|a 320.6
|2 22
|
| 100 |
1 |
|
|a Hajer, Maarten A.,
|d 1962-
|9 3258
|
| 245 |
1 |
0 |
|a Authoritative governance :
|b policy-making in the age of mediatization /
|c Maarten A. Hajer.
|
| 260 |
|
|
|a Oxford ;
|a New York :
|b Oxford University Press,
|c 2009.
|
| 300 |
|
|
|a ix, 208 p. :
|b ill. ;
|c 25 cm.
|
| 504 |
|
|
|a Includes bibliographical references and index.
|
| 541 |
|
|
|e 27588
|
| 650 |
|
0 |
|a Policy sciences.
|9 3259
|
| 650 |
|
0 |
|a Authority.
|9 3260
|
| 650 |
|
0 |
|a Communication in politics.
|9 3261
|
| 650 |
|
0 |
|a Mass media
|x Political aspects.
|9 2138
|
| 942 |
|
|
|2 ddc
|c BK
|
| 999 |
|
|
|c 14022
|d 14022
|
| 952 |
|
|
|0 0
|1 0
|2 ddc
|4 0
|6 320_600000000000000_HAJ
|7 0
|9 23503
|a IGS
|b IGS
|c GEN
|d 2013-09-26
|e Karim International
|g 2400.00
|l 0
|o 320.6 HAJ
|p 3010027588
|r 2013-09-26
|t 1
|w 2013-09-26
|y BK
|